000 00368 a2200169 4500
001 50276
020 _a9788516100711
040 _cAnchieta - Bela Vista
100 _aDias, Andréa de Fatima
240 1 0 _aEra uma vez...2
_lpor
245 1 0 _aEra uma vez...2
300 _a39
362 0 _a2015
440 1 _aModerna
650 4 _aLiteratura juvenil
942 _cBK
999 _c50276
_d50276